000 00489nam a2200181Ia 4500
003 GCL
008 140319s9999 xx 000 0 ara d
040 _aGCL /
_cGCL
082 0 4 _a321.8
_bم ن
100 1 _aحليم طوسون
245 1 0 _aنهاية الديموقراطية /
_cحليم طوسون
700 1 _aمارى جيهينو - جان
300 _a111 ص
490 _a100 قصة
_v0
650 0 4 _aالديمقراطية
650 0 4 _aالسياسية
942 _2ddc
_cBK
999 _c45045
_d45045